| 000 | 00363nam a2200145Ia 4500 | ||
|---|---|---|---|
| 008 | 230312s9999||||xx |||||||||||||| ||und|| | ||
| 020 | _a81-317-0930-6 | ||
| 082 |
_a621.382 _bTOM-I |
||
| 100 | _aRich;Elaine | ||
| 245 | 0 | _aAutomata, Computability and Complexity | |
| 260 |
_bPearson _aIndia _c2007 |
||
| 300 | _a984 | ||
| 650 |
_aComputer _vComputer |
||
| 942 | _cBK | ||
| 999 |
_c15325 _d15325 |
||